1229 1953 1331 1910 1986 1759 1176 1170 1304 1389 1438 1615 1043 1464 1681 1970 1979 1662 1461 1605 1769 1910 1873 1011 1650 1008 1085 1751 1495 1893 1470 1084 1784 1758 1317 1691 1727 1030 1679 1777 1442 1417 1409 1657 1382 1078 1412 1300 1911 1441 1420 1313 1732 1747 1386 1740 1308 1356 1324 1621 1563 1558 1864 1172 1916 1001 1745 1483 1659 1888 1753 1873 1784 1778 1242 1815 1098 1781 1230 1735 1566 1483 1050 1788 1196 1753 1301 1009 1855 1193 1186 1902 1381 1246 1636 1759 1717 1513 1207 BCNSPRNW ULIB Ver.6.0+V

เปลี่ยนเป็นภาษาไทย

Change to English
 แสดงรายละเอียดบรรณานุกรม
  กลับหน้าหลัก

Brief Record : Get Marc (ISO 2709) : E-mail record : QR code < ปิดหน้าต่าง
LEADER : 00000nam 2200000uu 4500
001    13399128249
003     ULIB
008    220822s2557||||th 000 0 tha d
020    ^a9786162997037 (ล.5)
050  0 ^aนว^bก947ล^cล.5
100 0  ^aโก้วเล้ง
245 10 ^aลูกปลาน้อยเซียวฮื้อยี้ เล่ม 5. /^cโก้วเล้ง, เขียน ; น.นพรัตน์, แปล
246 30 ^aเซียวฮื้อยี้
250    ^aพิมพ์ครั้งที่ 1
260    ^aกรุงเทพฯ :^bสยามอินเตอร์บุ๊ค,^c2557
300    ^a6 เล่ม ;^c21 ซม.
650  4 ^aนวนิยายจีนกำลังภายใน
650  4 ^aนวนิยายจีน^xการแปลเป็นภาษาไทย
653    ^aOpen Your Eyes Project
700 0  ^aน.นพรัตน์,^eผู้แปล
945    ^p260^l0^i009354
999    ^aประนอม เกษจรัล
รายการนี้ยังไม่มีแท็ก
คุณยังไม่ได้ล็อกอิน คุณสามารถมีกิจกรรมร่วมกับเว็บไซต์ได้ แต่ต้องล็อกอินก่อน ::
  ล็อกอิน

รายการสื่อสารสนเทศ

ลำดับที่ ประเภท เลขเรียก/บาร์โค้ด สถานที่ สถานะ
1. นวนิยาย
นวนิยาย
นว ก947ล ล.5 ฉ.1 
  Barcode: 009354
ห้องสมุดวิทยาเขตสวรรค์ประชารักษ์
►หนังสือทั่วไป
บนชั้น

รายการใกล้เคียง
    ผู้แต่ง [โก้วเล้ง]

    หัวเรื่อง [นวนิยายจีนกำลังภายใน]

BibComment


ยังไม่เคยถูกคอมเมนท์

คอมเมนท์ทรัพยากรรายการนี้
  คอมเมนท์: ลูกปลาน้อยเซียวฮ..


 Copyright 2026. Bcnsprnw @Library